| 000 | nam a22 7a 4500 | ||
|---|---|---|---|
| 999 |
_c15251 _d15251 |
||
| 008 | 161027b xxu||||| |||| 00| 0 eng d | ||
| 020 | _a9780205131976 | ||
| 050 | _aLB 1025.3 .F74 1991 | ||
| 100 | _aFreiberg,H.Jerome | ||
| 245 |
_aUniversal Teaching Strategies/ _cH.Jerome Freiberg and Amy Driscoll |
||
| 260 |
_aBoston : _bAllyn and Bacon , _cc1991 |
||
| 300 |
_axv, 464p. : _bill. ; |
||
| 500 | _aIncludes references and index. | ||
| 650 | _aTeaching | ||
| 700 | _aDriscoll,Amy | ||
| 942 |
_2lcc _cBOOKS _hLB 1025.3 .F74 1991 _01 |
||